Skip to content
VuFind
All Fields
Title
Author
Subject
Call Number
ISBN/ISSN
Tag
Find
Advanced
Alun Hidup
Cite this
Print
Export Record
Export to RefWorks
Export to EndNoteWeb
Export to EndNote
Export to MARC
Alun Hidup
Bibliographic Details
Format:
Book
Holdings
Description
Similar Items
Staff View
MARC
LEADER
00000cam a2200000 7i4500
001
0000009825
002
000010700
005
20000330.0
020
|a
9838520845
090
0
0
|a
F
|b
KHA
245
1
0
|a
Alun Hidup
999
|a
024795
|b
BUKU
|c
PINJAMAN
|e
PERPUSTAKAAN KOMUNITI PETALING JAYA
Similar Items
Alun-alun ke Marista : Awang Damit Ahmad 1996-2002 .
by: Awang Damit Ahmad
Published: (2002)
Gema membelah alun
by: Juma'noh Abdul Bunga
Published: (1992)
Tarian Hidup
by: Ku Rozita Ku Meh
Published: (1998)
Sekolah hidup
by: Hasidah Disan
Published: (1999)
Alunan hidup
by: Ainin Naufal
Published: (2007)